Elements of Heat Engines (Record no. 290)

MARC details
000 -LEADER
fixed length control field 00305nam a22001457a 4500
020 ## - INTERNATIONAL STANDARD BOOK NUMBER
International Standard Book Number 0
041 ## - LANGUAGE CODE
Language code of text/sound track or separate title ENG
100 ## - MAIN ENTRY--PERSONAL NAME
Personal name Patel .R.C
245 ## - TITLE STATEMENT
Title Elements of Heat Engines
260 ## - PUBLICATION, DISTRIBUTION, ETC. (IMPRINT)
Place of publication, distribution, etc Vadodara
Name of publisher, distributor, etc Acharya PUB
Date of publication, distribution, etc 1997
300 ## - PHYSICAL DESCRIPTION
Extent 417
650 ## - SUBJECT ADDED ENTRY--TOPICAL TERM
Topical term or geographic name as entry element EOES
700 ## - ADDED ENTRY--PERSONAL NAME
Personal name Karamchandani .C.J
856 ## - ELECTRONIC LOCATION AND ACCESS
Uniform Resource Identifier EOES
Holdings
Withdrawn status Lost status Source of classification or shelving scheme Damaged status Not for loan Home library Current library Shelving location Date acquired Cost, normal purchase price Total Checkouts Barcode Date last seen Price effective from Koha item type
    Dewey Decimal Classification     College of Agricultural Engineering and Technology, Dapoli , Library College of Agricultural Engineering and Technology, Dapoli , Library Book Cart 23/08/2021 120.00   000059 23/08/2021 23/08/2021 Books

Contact Us: College of Agricultural Engineering and Technology, Dapoli, Dist.- Ratnagiri
Website: https://dbskkv.org Email: caetlibrary2015@gmail.com